【プロ野球】2026年の広島東洋カープの選手 - Statistics

General Stats
  • This quiz has been taken 42 times
    15 since last reset
  • The average score is 41 of 67
Answer Stats
背番号 選手名 % Correct
27 會澤翼
100%
57 持丸泰輝
100%
13 森浦大輔
90%
16 森翔平
90%
18 森下暢仁
90%
19 床田寛樹
90%
20 栗林良吏
90%
22 髙太一
90%
68 ハーン
90%
31 坂倉将吾
90%
32 石原貴規
90%
4 矢野雅哉
90%
5 小園海斗
90%
7 堂林翔太
90%
33 菊池涼介
90%
95 モンテロ
90%
9 秋山翔吾
90%
61 ファビアン
90%
14 大瀬良大地
80%
0 勝田成
80%
10 佐々木泰
80%
99 二俣翔一
80%
51 平川蓮
80%
52 末包昇大
80%
59 大盛穂
80%
96 中村奨成
80%
21 中﨑翔太
70%
44 林晃汰
70%
69 辰見鴻之介
70%
37 野間峻祥
70%
29 ケムナ誠
60%
41 鈴木健矢
60%
48 アドゥワ誠
60%
53 岡本駿
60%
92 名原典彦
60%
11 齊藤汰直
50%
17 常廣羽也斗
50%
24 黒原拓未
50%
26 益田武尚
50%
42 ターノック
50%
43 島内颯太郎
50%
60 田村俊介
50%
97 中村貴浩
50%
34 高橋昂也
40%
47 斉藤優汰
40%
66 遠藤淳志
40%
67 菊地ハルン
40%
70 日髙暖己
40%
98 辻大雅
40%
62 清水叶人
40%
49 渡邉悠斗
40%
54 西川篤夢
40%
93 前川誠太
40%
94 佐藤啓介
40%
28 佐藤柳之介
30%
30 滝田一希
30%
35 工藤泰己
30%
36 塹江敦哉
30%
38 赤木晴哉
30%
39 長谷部銀次
30%
45 松本竜也
30%
46 髙木快大
30%
65 玉村昇悟
30%
64 髙木翔斗
30%
58 仲田侑仁
30%
63 内田湘大
30%
56 久保修
30%
No matching quizzes found
Score Distribution
Percent of People with Each Score
Percentile by Number Answered
Your Score History
You have not taken this quiz since the last reset